Central Board of Revenue circulars on income tax act (Record no. 369818)

000 -LEADER
fixed length control field 00376cam a22001217a 4500
008 - FIXED-LENGTH DATA ELEMENTS--GENERAL INFORMATION
fixed length control field 180718b1959 xxu||||| |||| 00| 0 eng d
082 ## - DEWEY DECIMAL CLASSIFICATION NUMBER
Classification number L24303x54 K95
245 ## - TITLE STATEMENT
Title Central Board of Revenue circulars on income tax act
Statement of responsibility, etc. edited by Ashok Kumar Kuba
260 ## - PUBLICATION, DISTRIBUTION, ETC.
Place of publication, distribution, etc. Delhi
Name of publisher, distributor, etc. Legal
Date of publication, distribution, etc. 1959
300 ## - PHYSICAL DESCRIPTION
Extent 211p.
650 ## - SUBJECT ADDED ENTRY--TOPICAL TERM
Topical term or geographic name entry element Income tax - India - Legislation
700 ## - ADDED ENTRY--PERSONAL NAME
Personal name Kuba, Ashok Kumar
Holdings
Withdrawn status Lost status Damaged status Not for loan Permanent Location Current Location Date acquired Full call number Barcode Date last seen Price effective from Koha item type
        Indian Institute of Public Administration Indian Institute of Public Administration 1994-06-02 L24303x54 K95 16972 2018-07-21 2018-07-21 Book

Powered by Koha